| 000 | 00835nac a22002171u 4500 | ||
|---|---|---|---|
| 020 | _a0273674153 (pbk.) | ||
| 082 |
_a658.8 _bJ627 |
||
| 090 |
_c1125 _d1125 |
||
| 100 | _aJobber, David. | ||
| 245 |
_aSelling and sales management / _cDavid Jobber and Geoff Lancaster. |
||
| 250 | _a6th ed. | ||
| 260 |
_aHarlow : _bPrentice Hall Financial Times,2003 _c2003. |
||
| 300 |
_axviii, 476 p. : _bill. ; _c25 cm. |
||
| 500 | _aPrevious ed.: Harlow : Pearson Education, 2000. | ||
| 504 | _aIncludes bibliographical references and index. | ||
| 650 | _aSelling. | ||
| 650 | _aSales management. | ||
| 700 |
_aLancaster, Geoffrey, _d1938- |
||
| 942 |
_cBB _k658.8J627 |
||
| 999 |
_c1125 _d1125 |
||